[Event "Hull 4NCL International"]
[Site "Hull"]
[Date "2021.10.24"]
[Round "4.7"]
[White "Whitfield, Craig M"]
[Black "Milson, Samuel A"]
[Result "1-0"]
[WhiteElo "2298"]
[BlackElo "2138"]
[PlyCount "0"]
[EventDate "2021.10.22"]

1. d4 {[%clk 01:30:47]} {[%emt 00:00:13]} d5 {[%clk 01:30:47]} {[%emt
00:00:13]} 2. c4 {[%clk 01:31:10]} {[%emt 00:00:07]} c6 {[%clk 01:31:09]}
{[%emt 00:00:07]} 3. Nc3 {[%clk 01:31:26]} {[%emt 00:00:14]} Nf6 {[%clk
01:31:24]} {[%emt 00:00:15]} 4. e3 {[%clk 01:31:50]} {[%emt 00:00:07]} a6
{[%clk 01:27:04]} {[%emt 00:04:50]} 5. Nf3 {[%clk 01:31:22]} {[%emt 00:00:58]}
Bf5 {[%clk 01:25:52]} {[%emt 00:01:41]} 6. Qb3 {[%clk 01:30:03]} {[%emt
00:01:50]} Ra7 {[%clk 01:25:25]} {[%emt 00:00:57]} 7. Nh4 {[%clk 01:24:15]}
{[%emt 00:06:18]} Bg6 {[%clk 01:21:59]} {[%emt 00:03:55]} 8. Nxg6 {[%clk
01:21:44]} {[%emt 00:03:01]} hxg6 {[%clk 01:22:22]} {[%emt 00:00:08]} 9. g3
{[%clk 01:21:58]} {[%emt 00:00:17]} e6 {[%clk 01:21:02]} {[%emt 00:01:49]} 10.
Bg2 {[%clk 01:21:10]} {[%emt 00:01:18]} b5 {[%clk 01:18:02]} {[%emt 00:03:30]}
11. c5 {[%clk 01:11:08]} {[%emt 00:10:32]} e5 {[%clk 01:07:18]} {[%emt
00:11:13]} 12. a4 {[%clk 01:05:51]} {[%emt 00:05:48]} Rb7 {[%clk 00:44:14]}
{[%emt 00:23:34]} 13. axb5 {[%clk 01:04:09]} {[%emt 00:02:13]} axb5 {[%clk
00:44:31]} {[%emt 00:00:13]} 14. O-O {[%clk 00:48:29]} {[%emt 00:16:09]} Be7
{[%clk 00:36:53]} {[%emt 00:08:08]} 15. dxe5 {[%clk 00:32:42]} {[%emt
00:16:17]} Nfd7 {[%clk 00:23:46]} {[%emt 00:13:35]} 16. e6 {[%clk 00:32:47]}
{[%emt 00:00:26]} fxe6 {[%clk 00:22:35]} {[%emt 00:01:42]} 17. Qc2 {[%clk
00:33:11]} {[%emt 00:00:05]} Kf7 {[%clk 00:21:39]} {[%emt 00:01:25]} 18. b4
{[%clk 00:33:13]} {[%emt 00:00:29]} Bf6 {[%clk 00:20:51]} {[%emt 00:01:18]} 19.
f4 {[%clk 00:24:59]} {[%emt 00:08:44]} Nf8 {[%clk 00:11:04]} {[%emt 00:10:17]}
20. Bb2 {[%clk 00:23:48]} {[%emt 00:01:42]} Kg8 {[%clk 00:08:50]} {[%emt
00:02:44]} 21. Rfd1 {[%clk 00:21:06]} {[%emt 00:03:11]} g5 {[%clk 00:07:40]}
{[%emt 00:01:40]} 22. f5 {[%clk 00:14:40]} {[%emt 00:06:57]} Rd7 {[%clk
00:07:03]} {[%emt 00:01:06]} 23. fxe6 {[%clk 00:14:18]} {[%emt 00:00:52]} Nxe6
{[%clk 00:06:59]} {[%emt 00:00:34]} 24. Ra8 {[%clk 00:13:43]} {[%emt 00:01:05]}
Nc7 {[%clk 00:06:46]} {[%emt 00:00:43]} 25. Raa1 {[%clk 00:11:56]} {[%emt
00:02:18]} Qe8 {[%clk 00:06:32]} {[%emt 00:00:44]} 26. e4 {[%clk 00:08:43]}
{[%emt 00:03:42]} d4 {[%clk 00:05:07]} {[%emt 00:01:56]} 27. Ne2 {[%clk
00:07:09]} {[%emt 00:02:04]} d3 {[%clk 00:05:09]} {[%emt 00:00:28]} 28. Rxd3
{[%clk 00:05:48]} {[%emt 00:01:51]} Bxb2 {[%clk 00:04:59]} {[%emt 00:00:40]} 29.
Rxd7 {[%clk 00:06:03]} {[%emt 00:00:16]} Bxa1 {[%clk 00:05:10]} {[%emt
00:00:19]} 30. Rxc7 {[%clk 00:06:27]} {[%emt 00:00:06]} Be5 {[%clk 00:05:14]}
{[%emt 00:00:26]} 31. Ra7 {[%clk 00:05:49]} {[%emt 00:01:08]} Kh7 {[%clk
00:04:14]} {[%emt 00:01:29]} 32. Bh3 {[%clk 00:06:05]} {[%emt 00:00:15]} Rf8
{[%clk 00:04:04]} {[%emt 00:00:40]} 33. Qd3 {[%clk 00:03:20]} {[%emt 00:03:15]}
Qh5 {[%clk 00:03:07]} {[%emt 00:01:26]} 34. Bg2 {[%clk 00:02:18]} {[%emt
00:01:33]} Qh6 {[%clk 00:03:04]} {[%emt 00:00:33]} 35. Kh1 {[%clk 00:00:49]}
{[%emt 00:01:59]} Qf6 {[%clk 00:02:53]} {[%emt 00:00:40]} 36. Ng1 {[%clk
00:01:00]} {[%emt 00:00:19]} g4 {[%clk 00:02:17]} {[%emt 00:01:06]} 37. h3
{[%clk 00:00:48]} {[%emt 00:00:43]} Qf2 {[%clk 00:01:19]} {[%emt 00:01:28]} 38.
hxg4 {[%clk 00:00:37]} {[%emt 00:00:41]} Bxg3 {[%clk 00:01:21]} {[%emt
00:00:27]} 39. e5+ {[%clk 00:01:02]} {[%emt 00:00:06]} Kh8 {[%clk 00:01:31]}
{[%emt 00:00:19]} 40. Qg6 {[%clk 00:01:01]} {[%emt 00:00:31]} Bxe5 {[%clk
00:00:38]} {[%emt 00:01:23]} 41. Qh5+ {[%clk 00:01:30]} {[%emt 00:00:02]} Kg8
{[%clk 00:00:59]} {[%emt 00:00:09]} 42. Qxe5 {[%clk 00:01:55]} {[%emt
00:00:05]}  1-0

[Event "Hull 4NCL International"]
[Site "Hull"]
[Date "2021.10.24"]
[Round "4.8"]
[White "Maycock, David Henry"]
[Black "Lalic, Peter D"]
[Result "1-0"]
[WhiteElo "2133"]
[BlackElo "2268"]
[PlyCount "0"]
[EventDate "2021.10.22"]

1. e4 {[%clk 01:27:44]} {[%emt 00:03:15]} c5 {[%clk 01:30:19]} {[%emt
00:00:41]} 2. Nf3 {[%clk 01:27:05]} {[%emt 00:01:09]} Nc6 {[%clk 01:29:17]}
{[%emt 00:01:33]} 3. d4 {[%clk 01:27:14]} {[%emt 00:00:21]} cxd4 {[%clk
01:29:43]} {[%emt 00:00:04]} 4. Nxd4 {[%clk 01:27:32]} {[%emt 00:00:12]} e5
{[%clk 01:30:06]} {[%emt 00:00:05]} 5. Nb5 {[%clk 01:26:11]} {[%emt 00:01:53]}
d6 {[%clk 01:30:31]} {[%emt 00:00:05]} 6. N1c3 {[%clk 01:24:17]} {[%emt
00:02:24]} a6 {[%clk 01:30:55]} {[%emt 00:00:06]} 7. Na3 {[%clk 01:24:41]}
{[%emt 00:00:06]} Be7 {[%clk 01:31:16]} {[%emt 00:00:09]} 8. Nc4 {[%clk
01:17:05]} {[%emt 00:08:05]} b5 {[%clk 01:31:41]} {[%emt 00:00:05]} 9. Ne3
{[%clk 01:17:12]} {[%emt 00:00:23]} Nf6 {[%clk 01:32:04]} {[%emt 00:00:07]} 10.
g3 {[%clk 01:07:35]} {[%emt 00:10:06]} O-O {[%clk 01:30:26]} {[%emt 00:02:08]}
11. Bg2 {[%clk 01:07:08]} {[%emt 00:00:56]} Rb8 {[%clk 01:07:05]} {[%emt
00:23:52]} 12. O-O {[%clk 00:59:36]} {[%emt 00:08:02]} Nd4 {[%clk 00:57:48]}
{[%emt 00:09:48]} 13. Ncd5 {[%clk 00:46:37]} {[%emt 00:13:28]} Nxd5 {[%clk
00:54:46]} {[%emt 00:03:32]} 14. Nxd5 {[%clk 00:46:55]} {[%emt 00:00:11]} Bg5
{[%clk 00:41:35]} {[%emt 00:13:41]} 15. f4 {[%clk 00:43:24]} {[%emt 00:04:01]}
Bh6 {[%clk 00:40:09]} {[%emt 00:01:56]} 16. fxe5 {[%clk 00:40:10]} {[%emt
00:03:43]} Bxc1 {[%clk 00:28:48]} {[%emt 00:11:52]} 17. Qxd4 {[%clk 00:39:31]}
{[%emt 00:01:08]} Bh6 {[%clk 00:28:52]} {[%emt 00:00:26]} 18. exd6 {[%clk
00:39:05]} {[%emt 00:00:56]} Qxd6 {[%clk 00:28:59]} {[%emt 00:00:23]} 19. Nf6+
{[%clk 00:37:54]} {[%emt 00:01:41]} Qxf6 {[%clk 00:29:19]} {[%emt 00:00:10]} 20.
Rxf6 {[%clk 00:38:20]} {[%emt 00:00:04]} gxf6 {[%clk 00:29:35]} {[%emt
00:00:14]} 21. Qxf6 {[%clk 00:23:36]} {[%emt 00:15:14]} Bg7 {[%clk 00:29:22]}
{[%emt 00:00:43]} 22. Qf4 {[%clk 00:24:04]} {[%emt 00:00:03]} Rb6 {[%clk
00:19:41]} {[%emt 00:10:10]} 23. Rd1 {[%clk 00:19:33]} {[%emt 00:05:00]} Rg6
{[%clk 00:15:01]} {[%emt 00:05:11]} 24. e5 {[%clk 00:16:29]} {[%emt 00:03:34]}
Be6 {[%clk 00:13:46]} {[%emt 00:01:45]} 25. Bd5 {[%clk 00:10:21]} {[%emt
00:06:38]} Rd8 {[%clk 00:14:00]} {[%emt 00:00:16]} 26. Qf3 {[%clk 00:09:29]}
{[%emt 00:01:22]} Bxe5 {[%clk 00:13:03]} {[%emt 00:01:27]} 27. Bxe6 {[%clk
00:09:40]} {[%emt 00:00:18]} Rxd1+ {[%clk 00:13:25]} {[%emt 00:00:08]} 28. Qxd1
{[%clk 00:10:08]} {[%emt 00:00:03]} Rxe6 {[%clk 00:13:27]} {[%emt 00:00:28]} 29.
c3 {[%clk 00:09:18]} {[%emt 00:01:19]} h6 {[%clk 00:09:39]} {[%emt 00:04:18]}
30. Kg2 {[%clk 00:08:58]} {[%emt 00:00:49]} Kf8 {[%clk 00:10:02]} {[%emt
00:00:08]} 31. Qd8+ {[%clk 00:09:01]} {[%emt 00:00:27]} Kg7 {[%clk 00:10:29]}
{[%emt 00:00:03]} 32. Qd3 {[%clk 00:08:55]} {[%emt 00:00:36]} Rd6 {[%clk
00:07:51]} {[%emt 00:03:08]} 33. Qe3 {[%clk 00:09:23]} {[%emt 00:00:02]} Bf6
{[%clk 00:07:38]} {[%emt 00:00:40]} 34. Qf4 {[%clk 00:08:24]} {[%emt 00:01:32]}
Re6 {[%clk 00:08:05]} {[%emt 00:00:04]} 35. Qg4+ {[%clk 00:08:10]} {[%emt
00:00:43]} Kf8 {[%clk 00:08:23]} {[%emt 00:00:12]} 36. Qh5 {[%clk 00:08:36]}
{[%emt 00:00:03]} Bg5 {[%clk 00:07:52]} {[%emt 00:01:02]} 37. h4 {[%clk
00:07:59]} {[%emt 00:01:07]} Bc1 {[%clk 00:06:35]} {[%emt 00:01:47]} 38. b3
{[%clk 00:07:55]} {[%emt 00:00:34]} Ba3 {[%clk 00:06:10]} {[%emt 00:00:56]} 39.
c4 {[%clk 00:08:01]} {[%emt 00:00:24]} bxc4 {[%clk 00:06:34]} {[%emt 00:00:06]}
40. bxc4 {[%clk 00:08:29]} {[%emt 00:00:01]} Bd6 {[%clk 00:05:30]} {[%emt
00:01:34]} 41. c5 {[%clk 00:07:06]} {[%emt 00:01:53]} Bc7 {[%clk 00:05:58]}
{[%emt 00:00:02]} 42. Qf5 {[%clk 00:06:01]} {[%emt 00:01:34]} Ke7 {[%clk
00:06:11]} {[%emt 00:00:18]} 43. a4 {[%clk 00:04:28]} {[%emt 00:02:03]} Re5
{[%clk 00:04:50]} {[%emt 00:01:51]} 44. Qf2 {[%clk 00:03:52]} {[%emt 00:01:05]}
Re6 {[%clk 00:04:49]} {[%emt 00:00:32]} 45. Qf3 {[%clk 00:03:34]} {[%emt
00:00:46]} Rg6 {[%clk 00:03:57]} {[%emt 00:01:23]} 46. g4 {[%clk 00:04:02]}
{[%emt 00:00:02]} Rf6 {[%clk 00:04:01]} {[%emt 00:00:26]} 47. Qb7 {[%clk
00:04:10]} {[%emt 00:00:22]} Kd7 {[%clk 00:04:26]} {[%emt 00:00:06]} 48. Qd5+
{[%clk 00:03:54]} {[%emt 00:00:46]} Ke7 {[%clk 00:03:20]} {[%emt 00:01:36]} 49.
g5 {[%clk 00:03:33]} {[%emt 00:00:50]} hxg5 {[%clk 00:01:23]} {[%emt 00:02:28]}
50. Qxg5 {[%clk 00:03:59]} {[%emt 00:00:03]} Ke6 {[%clk 00:01:31]} {[%emt
00:00:23]} 51. Qe3+ {[%clk 00:03:54]} {[%emt 00:00:35]} Kd7 {[%clk 00:00:55]}
{[%emt 00:01:06]} 52. Qd4+ {[%clk 00:04:10]} {[%emt 00:00:14]} Ke7 {[%clk
00:01:21]} {[%emt 00:00:04]} 53. h5 {[%clk 00:04:11]} {[%emt 00:00:29]} Re6
{[%clk 00:01:17]} {[%emt 00:00:34]} 54. Kf3 {[%clk 00:03:50]} {[%emt 00:00:50]}
Be5 {[%clk 00:01:16]} {[%emt 00:00:32]} 55. Qh4+ {[%clk 00:03:28]} {[%emt
00:00:51]} Bf6 {[%clk 00:01:24]} {[%emt 00:00:23]} 56. Qf4 {[%clk 00:02:52]}
{[%emt 00:01:06]} Be5 {[%clk 00:01:35]} {[%emt 00:00:19]} 57. Qg5+ {[%clk
00:03:18]} {[%emt 00:00:04]} Bf6 {[%clk 00:02:01]} {[%emt 00:00:05]} 58. Qd5
{[%clk 00:03:37]} {[%emt 00:00:11]} Be5 {[%clk 00:01:53]} {[%emt 00:00:38]} 59.
h6 {[%clk 00:01:53]} {[%emt 00:02:14]} Kf6 {[%clk 00:01:04]} {[%emt 00:01:19]}
60. c6 {[%clk 00:01:16]} {[%emt 00:01:07]} Kg6 {[%clk 00:01:13]} {[%emt
00:00:21]} 61. Qd7 {[%clk 00:01:07]} {[%emt 00:00:38]} Rf6+ {[%clk 00:00:45]}
{[%emt 00:00:57]} 62. Ke4 {[%clk 00:01:25]} {[%emt 00:00:12]} Bd6 {[%clk
00:00:39]} {[%emt 00:00:37]} 63. Kd5 {[%clk 00:00:52]} {[%emt 00:01:02]} Bf4
{[%clk 00:01:03]} {[%emt 00:00:06]} 64. Qh3 {[%clk 00:00:32]} {[%emt 00:00:50]}
Kh7 {[%clk 00:01:01]} {[%emt 00:00:33]} 65. Qh5 {[%clk 00:01:01]} {[%emt
00:00:01]} Rd6+ {[%clk 00:01:01]} {[%emt 00:00:30]} 66. Kc5 {[%clk 00:01:27]}
{[%emt 00:00:04]} Rf6 {[%clk 00:01:28]} {[%emt 00:00:03]} 67. Qh4 {[%clk
00:01:14]} {[%emt 00:00:43]} Be3+ {[%clk 00:01:11]} {[%emt 00:00:48]} 68. Kd5
{[%clk 00:01:19]} {[%emt 00:00:23]} Rf5+ {[%clk 00:00:55]} {[%emt 00:00:47]} 69.
Ke4 {[%emt 00:00:23]}  1-0

[Event "Hull 4NCL International"]
[Site "Hull"]
[Date "2021.10.24"]
[Round "4.9"]
[White "Andal, Edmond"]
[Black "Johnson, Paul A"]
[Result "1/2-1/2"]
[WhiteElo "2230"]
[BlackElo "1851"]
[PlyCount "0"]
[EventDate "2021.10.22"]

1. d4 {[%clk 01:25:14]} {[%emt 00:05:45]} d5 {[%clk 01:30:43]} {[%emt
00:00:17]} 2. c4 {[%clk 01:25:18]} {[%emt 00:00:27]} e6 {[%clk 01:30:54]}
{[%emt 00:00:18]} 3. Nc3 {[%clk 01:25:35]} {[%emt 00:00:14]} Nf6 {[%clk
01:31:05]} {[%emt 00:00:18]} 4. cxd5 {[%clk 01:24:45]} {[%emt 00:01:21]} exd5
{[%clk 01:31:20]} {[%emt 00:00:14]} 5. Bg5 {[%clk 01:25:06]} {[%emt 00:00:10]}
Be7 {[%clk 01:31:30]} {[%emt 00:00:19]} 6. e3 {[%clk 01:25:11]} {[%emt
00:00:25]} c6 {[%clk 01:31:16]} {[%emt 00:00:45]} 7. Qc2 {[%clk 01:25:10]}
{[%emt 00:00:31]} O-O {[%clk 01:31:13]} {[%emt 00:00:34]} 8. Bd3 {[%clk
01:25:17]} {[%emt 00:00:23]} Nbd7 {[%clk 01:31:15]} {[%emt 00:00:26]} 9. h3
{[%clk 01:15:41]} {[%emt 00:10:07]} Re8 {[%clk 01:31:02]} {[%emt 00:00:43]} 10.
Nf3 {[%clk 01:09:16]} {[%emt 00:06:55]} Nf8 {[%clk 01:29:57]} {[%emt 00:01:35]}
11. O-O {[%clk 01:08:11]} {[%emt 00:01:35]} Ne4 {[%clk 01:25:41]} {[%emt
00:04:46]} 12. Bf4 {[%clk 01:06:46]} {[%emt 00:01:56]} Nxc3 {[%clk 01:25:34]}
{[%emt 00:00:36]} 13. bxc3 {[%clk 01:06:46]} {[%emt 00:00:30]} Bd6 {[%clk
01:21:36]} {[%emt 00:04:28]} 14. Bxd6 {[%clk 01:06:13]} {[%emt 00:01:03]} Qxd6
{[%clk 01:22:00]} {[%emt 00:00:06]} 15. c4 {[%clk 01:06:33]} {[%emt 00:00:10]}
dxc4 {[%clk 01:20:44]} {[%emt 00:01:46]} 16. Bxc4 {[%clk 01:06:43]} {[%emt
00:00:20]} Be6 {[%clk 01:20:54]} {[%emt 00:00:20]} 17. Rab1 {[%clk 01:06:37]}
{[%emt 00:00:37]} Bxc4 {[%clk 01:20:18]} {[%emt 00:01:05]} 18. Qxc4 {[%clk
01:07:05]} {[%emt 00:00:02]} Re7 {[%clk 01:19:47]} {[%emt 00:01:00]} 19. Rb3
{[%clk 01:06:39]} {[%emt 00:00:56]} Rc8 {[%clk 01:18:55]} {[%emt 00:01:22]} 20.
Rc1 {[%clk 01:05:13]} {[%emt 00:01:55]} h6 {[%clk 01:12:11]} {[%emt 00:07:14]}
21. Rcb1 {[%clk 00:59:17]} {[%emt 00:06:26]} b6 {[%clk 01:08:53]} {[%emt
00:03:48]} 22. Qa6 {[%clk 00:49:01]} {[%emt 00:10:46]} Rec7 {[%clk 01:06:38]}
{[%emt 00:02:45]} 23. Rc3 {[%clk 00:49:00]} {[%emt 00:00:31]} Nd7 {[%clk
01:02:30]} {[%emt 00:04:39]} 24. Rbc1 {[%clk 00:36:22]} {[%emt 00:13:08]} Qd5
{[%clk 00:54:56]} {[%emt 00:08:04]} 25. Ne1 {[%clk 00:32:55]} {[%emt 00:03:58]}
c5 {[%clk 00:52:52]} {[%emt 00:02:34]} 26. Nd3 {[%clk 00:33:03]} {[%emt
00:00:21]} Qb7 {[%clk 00:40:39]} {[%emt 00:12:43]} 27. Qxb7 {[%clk 00:29:39]}
{[%emt 00:03:54]} Rxb7 {[%clk 00:41:04]} {[%emt 00:00:05]} 28. dxc5 {[%clk
00:30:05]} {[%emt 00:00:05]} bxc5 {[%clk 00:41:29]} {[%emt 00:00:05]} 29. Nxc5
{[%clk 00:30:14]} {[%emt 00:00:20]} Nxc5 {[%clk 00:41:54]} {[%emt 00:00:05]} 30.
Rxc5 {[%clk 00:30:40]} {[%emt 00:00:04]} Rxc5 {[%clk 00:42:19]} {[%emt
00:00:05]} 31. Rxc5 {[%clk 00:30:43]} {[%emt 00:00:27]} Rb1+ {[%clk 00:42:44]}
{[%emt 00:00:04]} 32. Kh2 {[%clk 00:31:05]} {[%emt 00:00:08]} Rb2 {[%clk
00:43:10]} {[%emt 00:00:05]} 33. Ra5 {[%clk 00:31:13]} {[%emt 00:00:22]} Rxf2
{[%clk 00:43:18]} {[%emt 00:00:22]} 34. Rxa7 {[%clk 00:31:33]} {[%emt
00:00:11]} Re2 {[%clk 00:43:28]} {[%emt 00:00:19]} 35. Ra3 {[%clk 00:32:02]}
{[%emt 00:00:02]} Kf8 {[%clk 00:43:33]} {[%emt 00:00:25]} 36. Kg3 {[%clk
00:32:30]} {[%emt 00:00:01]} Ke7 {[%clk 00:43:38]} {[%emt 00:00:25]} 37. Kf3
{[%clk 00:32:43]} {[%emt 00:00:17]} Rd2 {[%clk 00:41:54]} {[%emt 00:02:15]} 38.
Ra7+ {[%clk 00:32:23]} {[%emt 00:00:49]} Ke6 {[%clk 00:41:37]} {[%emt
00:00:48]} 39. a4 {[%clk 00:32:13]} {[%emt 00:00:40]} Ra2 {[%clk 00:41:40]}
{[%emt 00:00:27]} 40. a5 {[%clk 00:32:28]} {[%emt 00:00:16]} g6 {[%clk
00:41:36]} {[%emt 00:00:33]} 41. a6 {[%clk 00:32:50]} {[%emt 00:00:08]} Kf6
{[%clk 00:41:33]} {[%emt 00:00:32]} 42. h4 {[%clk 00:32:16]} {[%emt 00:01:03]}
h5 {[%clk 00:41:29]} {[%emt 00:00:35]} 43. Ra8 {[%clk 00:32:11]} {[%emt
00:00:36]} Kg7 {[%clk 00:40:20]} {[%emt 00:01:39]} 44. a7 {[%clk 00:32:29]}
{[%emt 00:00:12]} Ra4 {[%clk 00:39:11]} {[%emt 00:01:37]} 45. g3 {[%clk
00:32:40]} {[%emt 00:00:21]} f6 {[%clk 00:38:58]} {[%emt 00:00:43]} 46. Ke2
{[%clk 00:32:22]} {[%emt 00:00:47]} f5 {[%clk 00:35:45]} {[%emt 00:03:42]} 47.
Kd3 {[%clk 00:32:40]} {[%emt 00:00:13]} Kh7 {[%clk 00:35:41]} {[%emt 00:00:34]}
48. Kc3 {[%clk 00:32:42]} {[%emt 00:00:28]} Kg7 {[%clk 00:35:46]} {[%emt
00:00:26]} 49. Kb3 {[%clk 00:32:57]} {[%emt 00:00:15]} Ra1 {[%clk 00:35:41]}
{[%emt 00:00:34]} 50. Kc4 {[%clk 00:33:08]} {[%emt 00:00:19]} Ra3 {[%clk
00:34:40]} {[%emt 00:01:32]} 51. Kd5 {[%clk 00:33:29]} {[%emt 00:00:09]} Ra1
{[%clk 00:33:15]} {[%emt 00:01:54]} 52. Kd6 {[%clk 00:30:59]} {[%emt 00:03:00]}
Ra3 {[%clk 00:33:17]} {[%emt 00:00:28]} 53. Kc6 {[%clk 00:29:23]} {[%emt
00:02:06]} Ra1 {[%clk 00:33:32]} {[%emt 00:00:14]} 54. Kd7 {[%clk 00:29:14]}
{[%emt 00:00:39]} Ra3 {[%clk 00:33:42]} {[%emt 00:00:21]} 55. Kd6 {[%clk
00:29:15]} {[%emt 00:00:29]} Ra1 {[%clk 00:34:02]} {[%emt 00:00:10]} 56. Ke7
{[%clk 00:22:09]} {[%emt 00:07:36]} Ra3 {[%clk 00:33:56]} {[%emt 00:00:37]} 57.
Kd6 {[%clk 00:22:22]} {[%emt 00:00:18]} Ra1 {[%clk 00:34:16]} {[%emt 00:00:09]}
58. Kc6 {[%clk 00:21:34]} {[%emt 00:01:18]} Ra2 {[%clk 00:34:28]} {[%emt
00:00:18]} 59. Kb6 {[%clk 00:21:47]} {[%emt 00:00:17]} Rb2+ {[%clk 00:34:47]}
{[%emt 00:00:10]} 60. Kc5 {[%clk 00:21:37]} {[%emt 00:00:41]} Ra2 {[%clk
00:35:10]} {[%emt 00:00:07]} 61. Kb4 {[%clk 00:20:55]} {[%emt 00:01:12]} Ra1
{[%clk 00:35:19]} {[%emt 00:00:20]} 62. Kc5 {[%clk 00:19:25]} {[%emt 00:02:01]}
Ra2 {[%clk 00:35:39]} {[%emt 00:00:10]} 63. Kd6 {[%clk 00:19:28]} {[%emt
00:00:28]} Ra1 {[%emt 00:00:16]}  1/2-1/2

[Event "Hull 4NCL International"]
[Site "Hull"]
[Date "2021.10.24"]
[Round "4.10"]
[White "Boswell, Jacob Connor"]
[Black "Majumder, Shrayan"]
[Result "1-0"]
[WhiteElo "2191"]
[BlackElo "1647"]
[PlyCount "0"]
[EventDate "2021.10.22"]

1. Nf3 {[%clk 01:30:53]} {[%emt 00:00:06]} Nf6 {[%clk 01:30:53]} {[%emt
00:00:07]} 2. d4 {[%clk 01:31:03]} {[%emt 00:00:20]} e6 {[%clk 01:31:03]}
{[%emt 00:00:19]} 3. c4 {[%clk 01:30:39]} {[%emt 00:00:55]} d5 {[%clk
01:30:49]} {[%emt 00:00:44]} 4. g3 {[%clk 01:30:43]} {[%emt 00:00:26]} dxc4
{[%clk 01:30:45]} {[%emt 00:00:34]} 5. Bg2 {[%clk 01:28:29]} {[%emt 00:02:43]}
Bd7 {[%clk 01:31:06]} {[%emt 00:00:09]} 6. Ne5 {[%clk 01:26:49]} {[%emt
00:02:10]} Bc6 {[%clk 01:31:28]} {[%emt 00:00:07]} 7. Nxc6 {[%clk 01:24:15]}
{[%emt 00:03:05]} Nxc6 {[%clk 01:31:49]} {[%emt 00:00:09]} 8. Qa4 {[%clk
01:16:01]} {[%emt 00:08:44]} Qd7 {[%clk 01:32:11]} {[%emt 00:00:08]} 9. e3
{[%clk 01:07:13]} {[%emt 00:09:18]} Nb4 {[%clk 01:31:35]} {[%emt 00:01:06]} 10.
Qxd7+ {[%clk 01:04:53]} {[%emt 00:02:50]} Kxd7 {[%clk 01:31:00]} {[%emt
00:01:05]} 11. Na3 {[%clk 01:01:19]} {[%emt 00:04:04]} Nd3+ {[%clk 01:14:19]}
{[%emt 00:17:11]} 12. Ke2 {[%clk 01:00:25]} {[%emt 00:01:23]} Bxa3 {[%clk
01:14:17]} {[%emt 00:00:32]} 13. bxa3 {[%clk 01:00:20]} {[%emt 00:00:35]} c6
{[%clk 01:09:05]} {[%emt 00:05:42]} 14. a4 {[%clk 00:54:01]} {[%emt 00:06:49]}
Nd5 {[%clk 01:05:53]} {[%emt 00:03:42]} 15. Bd2 {[%clk 00:50:21]} {[%emt
00:04:10]} b5 {[%clk 01:02:17]} {[%emt 00:04:06]} 16. axb5 {[%clk 00:42:20]}
{[%emt 00:08:31]} cxb5 {[%clk 01:02:35]} {[%emt 00:00:12]} 17. Be4 {[%clk
00:42:08]} {[%emt 00:00:40]} Nb2 {[%clk 00:45:26]} {[%emt 00:17:39]} 18. Rhb1
{[%clk 00:37:21]} {[%emt 00:05:17]} Na4 {[%clk 00:45:49]} {[%emt 00:00:09]} 19.
Bxd5 {[%clk 00:37:02]} {[%emt 00:00:48]} exd5 {[%clk 00:46:12]} {[%emt
00:00:07]} 20. Rxb5 {[%clk 00:36:30]} {[%emt 00:01:01]} Nb6 {[%clk 00:43:04]}
{[%emt 00:03:37]} 21. a4 {[%clk 00:31:15]} {[%emt 00:05:46]} Ke6 {[%clk
00:41:57]} {[%emt 00:01:37]} 22. e4 {[%clk 00:17:34]} {[%emt 00:14:11]} dxe4
{[%clk 00:41:11]} {[%emt 00:01:15]} 23. Re5+ {[%clk 00:17:35]} {[%emt
00:00:29]} Kf6 {[%clk 00:36:26]} {[%emt 00:05:15]} 24. a5 {[%clk 00:14:11]}
{[%emt 00:03:55]} Nd7 {[%clk 00:36:44]} {[%emt 00:00:12]} 25. Rxe4 {[%clk
00:14:15]} {[%emt 00:00:26]} Rhe8 {[%clk 00:35:14]} {[%emt 00:01:59]} 26. Kf3
{[%clk 00:13:40]} {[%emt 00:01:05]} Rxe4 {[%clk 00:33:24]} {[%emt 00:02:20]} 27.
Kxe4 {[%clk 00:14:03]} {[%emt 00:00:08]} Re8+ {[%clk 00:30:17]} {[%emt
00:03:37]} 28. Kd5 {[%clk 00:14:22]} {[%emt 00:00:12]} Re2 {[%clk 00:30:39]}
{[%emt 00:00:07]} 29. Be3 {[%clk 00:14:05]} {[%emt 00:00:47]} Rc2 {[%clk
00:26:44]} {[%emt 00:04:24]} 30. Ra4 {[%clk 00:14:05]} {[%emt 00:00:30]} Kf5
{[%clk 00:27:00]} {[%emt 00:00:15]} 31. Rxc4 {[%clk 00:11:48]} {[%emt
00:02:48]} Nf6+ {[%clk 00:25:24]} {[%emt 00:02:04]} 32. Kc5 {[%clk 00:12:10]}
{[%emt 00:00:08]} Ne4+ {[%clk 00:25:16]} {[%emt 00:00:38]} 33. Kd5 {[%clk
00:11:45]} {[%emt 00:00:55]} Nf6+ {[%clk 00:25:11]} {[%emt 00:00:35]} 34. Kc5
{[%clk 00:12:10]} {[%emt 00:00:05]} Ne4+ {[%clk 00:25:35]} {[%emt 00:00:05]} 35.
Kb4 {[%clk 00:12:18]} {[%emt 00:00:22]} Rb2+ {[%clk 00:25:41]} {[%emt
00:00:24]} 36. Ka3 {[%clk 00:12:03]} {[%emt 00:00:44]} Rb5 {[%clk 00:25:31]}
{[%emt 00:00:41]} 37. Ka4 {[%clk 00:11:48]} {[%emt 00:00:46]} a6 {[%clk
00:24:52]} {[%emt 00:01:09]} 38. f3 {[%clk 00:11:32]} {[%emt 00:00:45]} Nd6
{[%clk 00:25:03]} {[%emt 00:00:19]} 39. Rc6 {[%clk 00:11:08]} {[%emt 00:00:54]}
Rd5 {[%clk 00:25:07]} {[%emt 00:00:26]} 40. Rxa6 {[%clk 00:10:50]} {[%emt
00:00:48]} Nc4 {[%clk 00:25:31]} {[%emt 00:00:06]} 41. g4+ {[%clk 00:11:04]}
{[%emt 00:00:16]}  1-0

[Event "Hull 4NCL International"]
[Site "Hull"]
[Date "2021.10.24"]
[Round "4.11"]
[White "Chan, Sheng Liang Bernard"]
[Black "Britton, Richard"]
[Result "0-1"]
[WhiteElo "2078"]
[BlackElo "2163"]
[PlyCount "108"]
[EventDate "2021.10.22"]

1. d4 Nf6 2. c4 g6 3. Nc3 Bg7 4. e4 d6 5. Bd3 e5 6. d5 O-O 7. Nge2 Na6 8. h3 h5
9. Bg5 Qe8 10. Qd2 Nh7 11. Be3 f5 12. exf5 gxf5 13. f4 e4 14. Bc2 Nf6 15. O-O-O
c5 16. dxc6 bxc6 17. Qxd6 Rf7 18. Nd4 c5 19. Nxf5 Bxf5 20. Qxa6 Rc7 21. Nd5
Nxd5 22. Rxd5 Be6 23. Rg5 Kh8 24. g4 Bf7 25. gxh5 Rb8 26. Rxg7 Kxg7 27. Rg1+
Kh7 28. h6 Rb6 29. Rg7+ Kxh6 30. Rxf7 Qxf7 31. Qa4 Rb4 32. Qa6+ Rb6 33. Qa4 Qh5
34. f5+ Kg7 35. Bxe4 Qe2 36. Qa3 Qxc4+ 37. Bc2 Qf1+ 38. Bd1 Rd6 39. Qc3+ Kf7
40. Bd2 Rcd7 41. Qg3 Rxd2 42. Qg6+ Ke7 43. Qg7+ Kd8 44. Qf8+ Kc7 45. Qxc5+ Kb7
46. Qb4+ Ka6 47. Qa3+ Kb6 48. Qe3+ R2d4 49. Qe6+ Kb7 50. Qb3+ Kc7 51. Qg3+ Kc8
52. Qg8+ Kb7 53. Qb3+ Kc7 54. Qg3+ R4d6 0-1